| 000 -ლიდერი |
| ფიქსირებული სიგრძის საკონტროლო ველი |
01705nam a22002177a 4500 |
| 003 - საკონტროლო ნომრის იდენტიფიკატორი |
| საკონტროლო ველი |
Ge_BSU |
| 005 - ბოლო ოპერაციის თარიღი და დრო |
| საკონტროლო ველი |
20221221152659.0 |
| 008 - ფიქსირებული სიგრძის მონაცემთა ელემენტები - ზოგადი ინფორმაცია |
| ფიქსირებული სიგრძის საკონტროლო ველი |
190902s2019 ||||| |||| 00| 0 geo d |
| 041 ## - ენის კოდი |
| Language code of text/sound track or separate title |
geo |
| 080 ## - უნივერსალური ათობითი კლასიფიკაციის ინდექსი |
| Universal Decimal Classification number |
338.22 ა-14 |
| 100 ## - მთავარი ჩანაწერი - პიროვნების სახელი |
| Personal name |
აბაშიძე,გიორგი. |
| 9 (RLIN) |
3846 |
| 245 ## - ცნობა სათაურის შესახებ |
| Title |
ინტერნეტ რეკლამის განვითარების თავისებურებები და მისი გავლენა მომხმარებლის ქცევაზე. / |
| Statement of responsibility, etc |
ირაკლი აბაშიძე , სამეცნ.ხელმძღ. გულიკო ქათამაძე . |
| 264 ## - წარმოების, გამოცემის, დისტრიბუციის და სხვა ცნობები |
| გამოცემის, წარმოების, დისტრიბუციის... ადგილი |
ბათუმი : |
| გამოცემის, წარმოების, დისტრიბუციის... სახელწოდება |
ბათუმის შოთა რუსთაველის სახელმწიფო უნ-ტი , |
| გამოცემის, წარმოების, დისტრიბუციის... თარიღი |
2019. |
| 300 ## - ფიზიკური აღწერა |
| Extent |
195 გვ .: |
| Dimensions |
29 სმ. |
| 653 ## - INDEX TERM--UNCONTROLLED |
| Uncontrolled term |
ინტერნეტ რეკლამის განვითარების თავისებურებები და მისი გავლენა მომხმარებლის ქცევაზე |
| 653 ## - INDEX TERM--UNCONTROLLED |
| Uncontrolled term |
ეკონომიკა |
| 653 ## - INDEX TERM--UNCONTROLLED |
| Uncontrolled term |
დისერტაცია |
| 700 ## - ADDED ENTRY--PERSONAL NAME |
| Personal name |
ქათამაძე , გულიკო |
| Relator term |
სამეცნიერო ხელმძღვანელი |
| 9 (RLIN) |
2028 |
| 710 ## - ADDED ENTRY--CORPORATE NAME |
| Relator term |
ბათუმის შოთა რუსთაველის სახელმწიფო უნ-ტი ბიზნესის ადმინისტრირების მენეჯმენტისა და მარკეტინგის დარგობრივი დეპარტამენტი |
| 9 (RLIN) |
3847 |
| 942 ## - ADDED ENTRY ELEMENTS (KOHA) |
| Source of classification or shelving scheme |
|
| Koha item type |
დისერტაცია |